Elementos de la historia del movimiento revolucionario guatemalteco /
Salvato in:
| Autore principale: | |
|---|---|
| Natura: | Libro |
| Accesso online: | texto completo desde el sitio de la revista |
| Tags: |
Aggiungi Tag
Nessun Tag, puoi essere il primo ad aggiungerne!!
|
MARC
| LEADER | 00000nam a22000007a 4500 | ||
|---|---|---|---|
| 003 | cru CIDCACS/IIS | ||
| 005 | 20181205143622.0 | ||
| 007 | ta | ||
| 008 | 181205s1998 sp |||p|r||||||0| ||spa|d | ||
| 999 | |c 41956 |d 41956 | ||
| 040 | |c cru CIDCACS/IIS | ||
| 100 | 1 | |9 8079 |a Hurtado Paz y Paz, Juan José | |
| 245 | 1 | |a Elementos de la historia del movimiento revolucionario guatemalteco / |c Juan José Hurtado Paz y Paz | |
| 300 | |a páginas 5-17: |b mapas, fotos | ||
| 856 | |u http://sodepaz.org/images/pdf/revista031/01_procesopaz.pdf |y texto completo desde el sitio de la revista | ||
| 942 | |2 ddc |c PP | ||
| 773 | 0 | |0 41952 |9 2482 |d Madrid: Solidaridad para el desarrollo y la paz, SODEPAZ-SODEPAU; Asociación Andaluza por la solidaridad y la paz 1990- |o 18731 |t Africa América Latina: |x 11302569 | |
